Регионална библиотека "Любен Каравелов" - Русе

Нормален изглед MARC изглед
  • Силози, железобетонни - конструиране

Вход 09. Предметна рубрика

Брой записи, използвани в: 0

001 - Контролен номер на записа

  • Контролно поле: 452643

003 - Код на организацията, даваща контролен номер

  • Контролно поле: BLK

005 - Дата и час на последна промяна на записа

  • Контролно поле: 20210510162537.0

008 - Данни с фиксирана дължина – обща информация

  • Данни с фиксирана дължина : 210510|| aca||babn | a|a d

150 ## - ТЕМАТИЧНА ПРЕДМЕТНА РУБРИКА

  • Редна дума или Топографско име: Силози, железобетонни - конструиране

942 ## - Системна служебна употреба

  • Koha auth type: TOPIC_TERM
Vip Innovations Ltd, Rousse, Bulgaria 2025